World watch list for domestic animal diversity
Сохранить в:
| Главный автор: | |
|---|---|
| Формат: | |
| Язык: | Undetermined |
| Опубликовано: |
Rome
Food and Agriculture Organization of the United nations
1993
|
| Предметы: | |
| Метки: |
Добавить метку
Нет меток, Требуется 1-ая метка записи!
|
| Thư viện lưu trữ: | Trung tâm Học liệu Trường Đại học Cần Thơ |
|---|
| LEADER | 00571nam a2200193Ia 4500 | ||
|---|---|---|---|
| 001 | CTU_13667 | ||
| 008 | 210402s9999 xx 000 0 und d | ||
| 082 | |a 636.082 | ||
| 082 | |b L829 | ||
| 100 | |a Loftus, Ronan. | ||
| 245 | 0 | |a World watch list for domestic animal diversity | |
| 245 | 0 | |c Ronan Loftus, Beate Scherf | |
| 260 | |a Rome | ||
| 260 | |b Food and Agriculture Organization of the United nations | ||
| 260 | |c 1993 | ||
| 650 | |a Domestic animals | ||
| 650 | |x Germplasm resources | ||
| 904 | |i Minh | ||
| 980 | |a Trung tâm Học liệu Trường Đại học Cần Thơ | ||